00467nam a2200169Ia 4500008004100000100002700041245008000068260001100148300002100159440001500180521000700195650001900202650002100221650001900242650001400261650002200275140626s9999 xx 000 0 und d aAzmawati, Azwan Azwan. aMedia and gender in Malaysia :b an endless battle /c Azwan Azwan.Azmawati cc2013. a40 : 3, page 211 aMedia Asia aMC aCommunication. aEconomic system. aGender battle. aMalaysia. aPolitical system.